000
00307nam a22001457a 4500
008
210602b ||||| |||| 00| 0 eng d
020
_a
9780737737370
041
_a
eng
080
_a
61
082
_a
61
100
_a
3
101
_a
SHM
245
_a
Bio Medical Ethics
_c
Thomson Gale
942
_2
udc
_c
BK
999
_c
57894
_d
57894